Proyecto de la Nueva Constitución Portuguesa / (Record no. 123107)

MARC details
000 -LEADER
campo de control de longitud fija 00546nam a2200169 i 4500
001 - NÚMERO DE CONTROL
campo de control 123107
003 - IDENTIFICADOR DE NÚMERO DE CONTROL
campo de control ES-MaACL
005 - FECHA Y HORA DE LA ÚLTIMA TRANSACCIÓN
campo de control 20230906192119.0
007 - CAMPO FIJO DE DESCRIPCIÓN FÍSICA--INFORMACIÓN GENERAL
campo de control de longitud fija t|
008 - DATOS DE LONGITUD FIJA--INFORMACIÓN GENERAL
campo de control de longitud fija 070214s1932 cl r ||||0| spa d
245 00 - MENCIÓN DEL TÍTULO
Título Proyecto de la Nueva Constitución Portuguesa /
Mención de responsabilidad, etc. traducción y estudio de Arthur Vieira.
260 ## - PUBLICACIÓN, DISTRIBUCIÓN, ETC.
Lugar de publicación, distribución, etc. Santiago de Chile :
Nombre del editor, distribuidor, etc. [s. n.],
Fecha de publicación, distribución, etc. 1932 (
Fabricante Imp. Nascimento)
300 ## - DESCRIPCIÓN FÍSICA
Extensión 43 p ;
Dimensiones 19 x 13 cm.
651 #4 - PUNTO DE ACCESO ADICIONAL DE MATERIA--NOMBRE GEOGRÁFICO
Nombre geográfico Portugal-
Subdivisión general Historia constitucional.
9 (RLIN) 157434
700 1# - ENTRADA AGREGADA--NOMBRE PERSONAL
Nombre de persona Vieira, Arthur.
9 (RLIN) 114567
852 ## - LOCALIZACIÓN
Ubicación ES-MaACL
Número de control de estantería 1781-F-1
Holdings
Estatus retirado Estado de pérdida Estado de daño No para préstamo Colección Biblioteca de origen Biblioteca actual Ubicación en estantería Fecha de adquisición Fuente de adquisición Total de préstamos Signatura topográfica completa Código de barras Visto por última vez Precio de reemplazo Tipo de ítem Koha
        Colección de folletos Biblioteca del Ateneo de Madrid Biblioteca del Ateneo de Madrid Depósito folletos 17/01/2008     1781-F-1 1128278 23/02/2023 23/02/2023 Folleto